Haqīqat-e-Rāfiḍiyyat / (Record no. 614436)
[ view plain ]
| 000 -LEADER | |
|---|---|
| fixed length control field | 00911nam a2200265 4500 |
| 040 ## - CATALOGING SOURCE | |
| Transcribing agency | NSHS |
| 082 ## - DEWEY DECIMAL CLASSIFICATION NUMBER | |
| Author Mark | 297.820 |
| Edition number | NIG |
| 100 1# - MAIN ENTRY--PERSONAL NAME | |
| Personal name | Nigrāmī, Muhammad Yūsuf |
| 9 (RLIN) | 129986 |
| 245 1# - TITLE STATEMENT | |
| Title | Haqīqat-e-Rāfiḍiyyat / |
| Statement of responsibility, etc. | Muhammad Yūsuf Nigrāmī. |
| 246 ## - VARYING FORM OF TITLE | |
| Title proper/short title | Haqiqat-i-Rafidiyyat |
| 246 ## - VARYING FORM OF TITLE | |
| Title proper/short title | Haqiqat-e-Rafidiyyat |
| 260 ## - PUBLICATION, DISTRIBUTION, ETC. | |
| Place of publication, distribution, etc. | Karāchī: |
| Name of publisher, distributor, etc. | tālīf Majlis Āl Pākistān Sunnī Taḥrīk Ṭrasṭ, |
| Date of publication, distribution, etc. | 1989. |
| 300 ## - PHYSICAL DESCRIPTION | |
| Extent | 295 pages. |
| 500 ## - GENERAL NOTE | |
| General note | DC010725 |
| 500 ## - GENERAL NOTE | |
| General note | Religion |
| 546 ## - LANGUAGE NOTE | |
| Language note | In Urdu. |
| 600 1# - SUBJECT ADDED ENTRY--PERSONAL NAME | |
| Personal name | Nigrāmī, Muhammad Yūsuf |
| 9 (RLIN) | 129986 |
| 650 #0 - SUBJECT ADDED ENTRY--TOPICAL TERM | |
| Topical term or geographic name entry element | Shīʻah |
| General subdivision | Doctrines |
| 9 (RLIN) | 130146 |
| 650 #0 - SUBJECT ADDED ENTRY--TOPICAL TERM | |
| Topical term or geographic name entry element | Shīʻah |
| General subdivision | Controversial literature |
| 9 (RLIN) | 130147 |
| 650 #0 - SUBJECT ADDED ENTRY--TOPICAL TERM | |
| Topical term or geographic name entry element | Islam |
| General subdivision | Doctrinal and controversial works |
| 9 (RLIN) | 130148 |
| 650 #0 - SUBJECT ADDED ENTRY--TOPICAL TERM | |
| Topical term or geographic name entry element | Rāfiḍah (Sect) |
| General subdivision | Criticism and interpretation |
| 9 (RLIN) | 130149 |
| 650 #0 - SUBJECT ADDED ENTRY--TOPICAL TERM | |
| Topical term or geographic name entry element | Sunni-Shia relations |
| 9 (RLIN) | 130150 |
| 942 ## - ADDED ENTRY ELEMENTS (KOHA) | |
| Source of classification or shelving scheme | |
| Koha item type | Book |
| Withdrawn status | Lost status | Source of classification or shelving scheme | Damaged status | Not for loan | Permanent Location | Current Location | Date acquired | Full call number | Barcode | Date last seen | Price effective from | Koha item type |
|---|---|---|---|---|---|---|---|---|---|---|---|---|
| NUST School of Health Sciences (NSHS) | NUST School of Health Sciences (NSHS) | 07/21/2025 | 297.820 NIG | NSHS-2012 | 07/21/2025 | 07/21/2025 | Book |
